[Event "RUS-chT Rapid (Women)"]
[Site "Sochi"]
[Date "2023.10.18"]
[Round "3.12"]
[White "Borisova, Ekaterina"]
[Black "Demina, Alena"]
[Result "1-0"]
[WhiteElo "2168"]
[BlackElo "1296"]
[PlyCount "95"]
[EventDate "2023.10.18"]
[EventType "team-swiss (rapid)"]
[EventRounds "9"]
[EventCountry "RUS"]
[SourceTitle "Mega2024 Update 01"]
[Source "Chessbase"]
[SourceDate "2023.11.12"]
[SourceVersion "1"]
[SourceVersionDate "2023.11.12"]
[SourceQuality "1"]
[WhiteTeam "Moscow ShSM (W)"]
[BlackTeam "Moscow Botvinnik School (W)"]
[WhiteTeamCountry "RUS"]
[BlackTeamCountry "RUS"]

1. d4 d5 2. c4 c6 3. Nf3 Nf6 4. g3 g6 5. Bg2 Bg7 6. 0-0 0-0 7. b3 e6 8. Nc3 Nbd7 9. Qc2 c5 10. dxc5 Ne4 11. Bb2 Ndxc5 12. cxd5 exd5 13. Rfd1 Nxc3 14. Bxc3 Bf5 15. Qb2 Bxc3 16. Qxc3 Ne4 17. Qd4 Qf6 18. Rac1 Rac8 19. Rxc8 Rxc8 20. Qxa7 Nc3 21. Re1 Nxe2+ 22. Rxe2 Rc1+ 23. Re1 Rxe1+ 24. Nxe1 Qa1 25. Qa5 b6 26. Qd2 d4 27. Bf1 b5 28. Bxb5 d3 29. Kg2 Qd4 30. Bxd3 Qd5+ 31. f3 g5 32. Qe3 h6 33. Bxf5 Qxf5 34. Nd3 Qa5 35. a4 Qc3 36. Qe8+ Kh7 37. Qxf7+ Kh8 38. Qc4 Qd2+ 39. Nf2 h5 40. b4 Kg7 41. b5 h4 42. gxh4 gxh4 43. Qxh4 Qa5 44. Qd4+ Kh7 45. b6 Qg5+ 46. Ng4 Qg8 47. Qe4+ Kh8 48. Qe5+ 1-0

[Event "RUS-chT Rapid (Women)"]
[Site "Sochi"]
[Date "2023.10.18"]
[Round "4.20"]
[White "Demina, Alena"]
[Black "Porozhniak, Maya"]
[Result "1-0"]
[WhiteElo "1296"]
[BlackElo "1856"]
[PlyCount "123"]
[EventDate "2023.10.18"]
[EventType "team-swiss (rapid)"]
[EventRounds "9"]
[EventCountry "RUS"]
[SourceTitle "Mega2024 Update 01"]
[Source "Chessbase"]
[SourceDate "2023.11.12"]
[SourceVersion "1"]
[SourceVersionDate "2023.11.12"]
[SourceQuality "1"]
[WhiteTeam "Moscow Botvinnik School (W)"]
[BlackTeam "Krasnodar Kassiopeya (W)"]
[WhiteTeamCountry "RUS"]
[BlackTeamCountry "RUS"]

1. d4 c5 2. d5 g6 3. Nf3 d6 4. g3 b5 5. a4 bxa4 6. Rxa4 Bg7 7. Bg2 Nd7 8. 0-0 Nb6 9. Ra2 Nf6 10. Re1 Bf5 11. Nc3 Ne4 12. Nxe4 Bxe4 13. c4 0-0 14. Nd2 Bxg2 15. Kxg2 e5 16. e4 f5 17. f3 h5 18. exf5 Rxf5 19. Qe2 Qe7 20. Ne4 Raf8 21. Ra3 Nc8 22. h4 Qb7 23. Ng5 Qb4 24. Qe4 R8f6 25. Re2 Bh6 26. Ree3 Qb7 27. Reb3 Nb6 28. Bd2 Rf8 29. g4 hxg4 30. Qxg4 Bxg5 31. Bxg5 Qg7 32. Ra6 Rf4 33. Bxf4 Rxf4 34. Qe6+ Kh8 35. Rbxb6 axb6 36. Rxb6 Rf6 37. Rb8+ Kh7 38. Qc8 e4 39. fxe4 Rf7 40. Qe6 Rf6 41. Qg4 Qf7 42. Qg3 Qe7 43. Qe3 Rf7 44. Kg3 Qe5+ 45. Kh3 Kg7 46. b4 Rf4 47. Rb7+ Kh6 48. Rf7 g5 49. hxg5+ Kxg5 50. Rxf4 Qxf4 51. Qxf4+ Kxf4 52. b5 Kxe4 53. b6 Kd4 54. b7 Kxc4 55. b8Q Kxd5 56. Qb3+ Kd4 57. Qd1+ Ke5 58. Kg3 d5 59. Kf3 d4 60. Qd3 Kd5 61. Qb5 Kd6 62. Ke4 1-0

[Event "RUS-chT Blitz (Women)"]
[Site "Sochi"]
[Date "2023.10.17"]
[Round "4.12"]
[White "Afanasieva, Maria"]
[Black "Demina, Alena"]
[Result "1-0"]
[WhiteElo "1678"]
[BlackElo "1296"]
[PlyCount "109"]
[EventDate "2023.10.17"]
[EventType "team-tourn (blitz)"]
[EventRounds "13"]
[EventCountry "RUS"]
[SourceTitle "Mega2024 Update 01"]
[Source "Chessbase"]
[SourceDate "2023.11.12"]
[SourceVersion "1"]
[SourceVersionDate "2023.11.12"]
[SourceQuality "1"]
[WhiteTeam "Krasnodar Kassiopeya (W)"]
[BlackTeam "Moscow Botvinnik School (W)"]
[WhiteTeamCountry "RUS"]
[BlackTeamCountry "RUS"]

1. d4 d5 2. c4 c6 3. Nc3 Nf6 4. Nf3 e6 5. Bg5 dxc4 6. e4 b5 7. e5 h6 8. Bh4 g5 9. Nxg5 hxg5 10. Bxg5 Be7 11. exf6 Bxf6 12. Be3 Nd7 13. Qf3 Rb8 14. Qxc6 Rb6 15. Qf3 Bb7 16. Qg3 Nb8 17. Rd1 Na6 18. a3 Nc7 19. Be2 Nd5 20. Nxd5 Bxd5 21. Bf3 Bh4 22. Qe5 Bf6 23. Qf4 Bxf3 24. Qxf3 Rd6 25. h3 Rg8 26. 0-0 Qe7 27. Qa8+ Rd8 28. Qc6+ Qd7 29. Qxd7+ Rxd7 30. Rd2 Ke7 31. Rfd1 Rgd8 32. Kf1 a5 33. d5 Rxd5 34. Rxd5 Rxd5 35. Rxd5 exd5 36. Bc1 b4 37. axb4 axb4 38. Ke2 d4 39. f4 Kd6 40. g4 c3 41. Kd3 b3 42. g5 Bg7 43. f5 Kd5 44. f6 Bf8 45. h4 Ke5 46. bxc3 dxc3 47. Kxc3 Kf5 48. Kxb3 Kg4 49. Ba3 Kxh4 50. Bxf8 Kxg5 51. Bg7 Kg6 52. Kc4 Kf5 53. Kd5 Kf4 54. Kd6 Kg4 55. Kd5 1-0

[Event "RUS-chT Blitz (Women)"]
[Site "Sochi"]
[Date "2023.10.17"]
[Round "1.16"]
[White "Demina, Alena"]
[Black "Budaeva, Victoria"]
[Result "0-1"]
[WhiteElo "1296"]
[BlackElo "1424"]
[PlyCount "124"]
[EventDate "2023.10.17"]
[EventType "team-tourn (blitz)"]
[EventRounds "13"]
[EventCountry "RUS"]
[SourceTitle "Mega2024 Update 01"]
[Source "Chessbase"]
[SourceDate "2023.11.12"]
[SourceVersion "1"]
[SourceVersionDate "2023.11.12"]
[SourceQuality "1"]
[WhiteTeam "Moscow Botvinnik School (W)"]
[BlackTeam "Buryatiya (W)"]
[WhiteTeamCountry "RUS"]
[BlackTeamCountry "RUS"]

1. d4 d5 2. c4 dxc4 3. Nf3 Nf6 4. g3 e6 5. Bg2 c5 6. 0-0 Nc6 7. dxc5 Bxc5 8. Qxd8+ Kxd8 9. Rd1+ Ke7 10. Nc3 a6 11. a4 Bd7 12. Bg5 h6 13. Bxf6+ gxf6 14. Nd2 Na5 15. Nde4 Bb4 16. Nxf6 Bc6 17. Bxc6 Nxc6 18. Nfe4 Rhd8 19. h4 Nd4 20. Kf1 Nb3 21. Rxd8 Rxd8 22. Rd1 Rxd1+ 23. Nxd1 f5 24. Nec3 Nc5 25. f3 Kd6 26. Kf2 Nd7 27. g4 Ke5 28. e3 Kf6 29. e4 fxg4 30. fxg4 Ne5 31. Kg3 Bd6 32. Kh3 Ng6 33. Ne3 Nf4+ 34. Kg3 Nd3+ 35. Kf3 Nxb2 36. a5 Bc5 37. Ng2 Nd3 38. h5 Ne5+ 39. Kf4 Nd3+ 40. Kf3 Bb4 41. Ne2 Bxa5 42. Ne3 Ne5+ 43. Kf4 Bd2 44. Nd4 c3 45. Nb3 c2 46. g5+ hxg5+ 47. Kg3 c1Q 48. Nxc1 Bxc1 49. Ng2 b5 50. Ne1 Bd2 51. Nc2 b4 52. Nd4 a5 53. Nb5 a4 54. Nd6 Bf4+ 55. Kh3 Nf7 56. Ne8+ Ke7 57. Ng7 b3 58. Kg4 b2 59. e5 b1Q 60. h6 Qg1+ 61. Kh5 Qh2+ 62. Kg6 Qxh6# 0-1

[Event "RUS-chT Blitz (Women)"]
[Site "Sochi"]
[Date "2023.10.17"]
[Round "3.20"]
[White "Demina, Alena"]
[Black "Yurasova, Daria"]
[Result "0-1"]
[WhiteElo "1296"]
[BlackElo "2023"]
[PlyCount "100"]
[EventDate "2023.10.17"]
[EventType "team-tourn (blitz)"]
[EventRounds "13"]
[EventCountry "RUS"]
[SourceTitle "Mega2024 Update 01"]
[Source "Chessbase"]
[SourceDate "2023.11.12"]
[SourceVersion "1"]
[SourceVersionDate "2023.11.12"]
[SourceQuality "1"]
[WhiteTeam "Moscow Botvinnik School (W)"]
[BlackTeam "St Petersburg SSHOR (W)"]
[WhiteTeamCountry "RUS"]
[BlackTeamCountry "RUS"]

1. d4 d5 2. c4 dxc4 3. Nf3 Nf6 4. g3 e6 5. Bg2 c5 6. 0-0 Nc6 7. dxc5 Qxd1 8. Rxd1 Bxc5 9. Nc3 0-0 10. Bg5 Be7 11. Nd2 Na5 12. Rac1 h6 13. Bf4 Bd7 14. Nce4 Nxe4 15. Bxe4 Ba4 16. b3 cxb3 17. axb3 Bc6 18. Ra1 Bb4 19. Bc7 Bxd2 20. Bxc6 Nxc6 21. Rxd2 Rac8 22. Bf4 Rfd8 23. Rad1 Rxd2 24. Rxd2 Rd8 25. Ra2 a6 26. Kg2 f6 27. Kf3 e5 28. Be3 Kf7 29. Bc1 Nd4+ 30. Ke4 Nxb3 31. Be3 Nd4 32. Rb2 b5 33. Ra2 Rd6 34. f4 Ke6 35. f5+ Nxf5 36. Bc5 Rc6 37. Bf2 Nd6+ 38. Kd3 Nc4 39. h4 f5 40. h5 e4+ 41. Kd4 Rd6+ 42. Kc5 e3 43. Be1 Ne5 44. Rb2 Nd7+ 45. Kb4 Nb6 46. Rc2 Nc4 47. Kc5 Rd1 48. Bb4 Rd5+ 49. Kc6 Rd2 50. Rxd2 Ke5 0-1